|
|
|
|
| LEADER |
00000nam1a2200000 4500 |
| 001 |
293490 |
| 005 |
20231102000610.0 |
| 020 |
|
|
|a RU
|b 84-16611
|
| 035 |
|
|
|a (RuTPU)RU\TPU\book\318518
|
| 090 |
|
|
|a 293490
|
| 100 |
|
|
|a 20150430d1984 k a0rusy5003 ca
|
| 101 |
1 |
|
|a rus
|c eng
|
| 200 |
1 |
|
|a Регенеративное моделирование сетей массового обслуживания
|d Regenerative simulation of response times in networks of queues
|e пер. с англ.
|f Д. Л. Иглхарт, Д. С. Шедлер
|g под ред. В. В. Калашникова
|
| 210 |
|
|
|a Москва
|c Радио и связь
|d 1984
|
| 215 |
|
|
|a 136 с.
|c ил.
|
| 330 |
|
|
|a Книга посвящена вероятностным и статистическим методам анализа дискретных моделей сетей массового обслуживания, в основе которых лежит представление соответствующих математических моделей в виде регенерирующих случайных процессов. Использование свойства регенерации позволило авторам получить математически обоснованные точечные и интервальные оценки стационарных характеристик. Центральное место занимают оценки времен прохождения заявок по сети. Для них предложены и обоснованы метод меченой заявки и некоторые его модификации. Разработанные методы применимы при изучении моделей вычислительных сетей, сетей связи и вообще любых моделей, описываемых регенерирующими процессами. Для инженеров-разработчиков и пользователей средств моделирования.
|
| 510 |
1 |
|
|a Regenerative simulation of response times in networks of queues
|z eng
|
| 606 |
|
|
|a Массового обслуживания теория
|2 stltpush
|3 (RuTPU)RU\TPU\subj\41145
|9 60962
|
| 610 |
1 |
|
|a дискретные модели
|
| 610 |
1 |
|
|a вероятностный анализ
|
| 610 |
1 |
|
|a статистический анализ
|
| 610 |
1 |
|
|a математические модели
|
| 610 |
1 |
|
|a регенерирующие процессы
|
| 610 |
1 |
|
|a случайные процессы
|
| 610 |
1 |
|
|a регенерация
|
| 610 |
1 |
|
|a метод меченой заявки
|
| 675 |
|
|
|a 519.872
|
| 700 |
|
1 |
|a Иглхарт
|b Д. Л.
|g Дональд Л.
|
| 701 |
|
1 |
|a Шедлер
|b Д. С.
|g Джеральд С.
|
| 702 |
|
1 |
|a Калашников
|b В. В.
|4 340
|
| 801 |
|
0 |
|a RU
|b RuMRKP
|c 19950704
|g psbo
|
| 801 |
|
1 |
|a RU
|b 63413507
|c 20150430
|
| 801 |
|
2 |
|a RU
|b 63413507
|c 20181015
|g RCR
|
| 942 |
|
|
|c BK
|